Universal joints and drive shafts (Record no. 60874)

MARC details
000 -LEADER
fixed length control field 00571nam a2200169 a 4500
008 - FIXED-LENGTH DATA ELEMENTS--GENERAL INFORMATION
fixed length control field 120416s0000 xx |||||||||||||| || u
020 ## - INTERNATIONAL STANDARD BOOK NUMBER
International Standard Book Number 0387533141
050 ## - LIBRARY OF CONGRESS CALL NUMBER
Classification number TJ 1059 Uni
100 ## - MAIN ENTRY--PERSONAL NAME
Personal name Tipper, J. A
245 10 - TITLE STATEMENT
Title Universal joints and drive shafts
246 ## - VARYING FORM OF TITLE
Title proper/short title analysis, design, applications
260 ## - PUBLICATION, DISTRIBUTION, ETC.
Place of publication, distribution, etc.
Name of publisher, distributor, etc. Springer-Verlag
Date of publication, distribution, etc. 1992
300 ## - PHYSICAL DESCRIPTION
Extent xiv, 251p. : ill.
350 ## - PRICE (NR) (BK AM CF MU VM SE) [OBSOLETE]
Price 0.00
700 ## - ADDED ENTRY--PERSONAL NAME
Personal name Hill, S. J
995 ## - RECOMMENDATION 995 [LOCAL, UNIMARC FRANCE]
-- 0.00
-- CBU-MAIN LIBRARY (Kitwe)
-- 1
-- 38.00
-- AVAILABLE
-- Main Library Open Access Collection
Holdings
Withdrawn status Lost status Source of classification or shelving scheme Damaged status Not for loan Home library Current library Shelving location Date acquired Total Checkouts Full call number Barcode Date last seen Price effective from Koha item type
          CBU-MAIN LIBRARY, KITWE. CBU-MAIN LIBRARY, KITWE.   11/30/2022   TJ 1059 Uni 015542 11/30/2022 11/30/2022 MONOGRAPH